BIBLIOTECA

SENCICO

Hágalo usted mismo : (Registro nro. 2518)

Detalles MARC
000 -LEADER
fixed length control field 01095nam a2200301Ia 4500
003 - CONTROL NUMBER IDENTIFIER
control field OSt
005 - DATE AND TIME OF LATEST TRANSACTION
control field 20260309215302.0
008 - FIXED-LENGTH DATA ELEMENTS--GENERAL INFORMATION
fixed length control field 200515s9999 xx 000 0 und d
020 ## - INTERNATIONAL STANDARD BOOK NUMBER
International Standard Book Number 970-651-323-X/84-494-1234-X
040 ## - CATALOGING SOURCE
Transcribing agency PE SENCICO BE
Language of cataloging PE SENCICO BE
041 ## - LANGUAGE CODE
Language code of text/sound track or separate title spa
082 ## - DEWEY DECIMAL CLASSIFICATION NUMBER
Classification number 747
Item number F82
245 10 - TITLE STATEMENT
Title Hágalo usted mismo :
Remainder of title el bricolaje paso a paso /
Statement of responsibility, etc. Thomas E. French ; dirección: Carlor Gispert
250 ## - EDITION STATEMENT
Edition statement [1a ed.]
260 ## - PUBLICATION, DISTRIBUTION, ETC.
Place of publication, distribution, etc. Barcelona :
Name of publisher, distributor, etc. Grupo Editorial Oceano ;
Date of publication, distribution, etc. sin año
300 ## - PHYSICAL DESCRIPTION
Extent 359 páginas :
Other physical details ilustraciones ;
Dimensions 29.5 cm.
505 0# - FORMATTED CONTENTS NOTE
Formatted contents note Fontanería -- Tapicería -- Vidrio y cristal -- Objetivos ornamentales y decorativos
520 3# - SUMMARY, ETC.
Summary, etc. Presenta un gran número de fotografías explicando los pasos para lograr un buen bricolaje casero
650 10 - SUBJECT ADDED ENTRY--TOPICAL TERM
Topical term or geographic name entry element Diseño de interiores
9 (RLIN) 315
650 20 - SUBJECT ADDED ENTRY--TOPICAL TERM
Topical term or geographic name entry element Bricolaje
9 (RLIN) 580
650 20 - SUBJECT ADDED ENTRY--TOPICAL TERM
Topical term or geographic name entry element Decoración y ornamentación
9 (RLIN) 397
650 20 - SUBJECT ADDED ENTRY--TOPICAL TERM
Topical term or geographic name entry element Ebanistería
9 (RLIN) 429
650 20 - SUBJECT ADDED ENTRY--TOPICAL TERM
Topical term or geographic name entry element Carpintería
9 (RLIN) 428
650 20 - SUBJECT ADDED ENTRY--TOPICAL TERM
Topical term or geographic name entry element Vidrios
9 (RLIN) 314
650 20 - SUBJECT ADDED ENTRY--TOPICAL TERM
Topical term or geographic name entry element Tapicería
9 (RLIN) 581
700 ## - ADDED ENTRY--PERSONAL NAME
Personal name Gispert, Carlor
9 (RLIN) 582
Relator term dirección
942 ## - ADDED ENTRY ELEMENTS (KOHA)
Koha item type Libros
Source of classification or shelving scheme Dewey Decimal Classification
Existencias
Fecha de la última vez que lo usaron Pago total Signatura topográfica completa Código de barras Tipo de documento Estado perdido Sistema de clasificación Estado dañado No es para préstamo Retirado Ubicación permanente Ubicación actual
15/05/2020   747/F82 BibZpiur26032637 Libros   Dewey Decimal Classification       Biblioteca Piura Biblioteca Piura